ŠVOČ 2004. Sekcia: Informatika. Programové a informačné systémy : Zborník fakultnej prehliadky prác. Bratislava, 28. apr. 2004

Salvato in:
Dettagli Bibliografici
Natura: Libro
Lingua:slovacco
Pubblicazione: Bratislava : STU v Bratislave FIIT, 2004
Soggetti:
Tags: Aggiungi Tag
Nessun Tag, puoi essere il primo ad aggiungerne!!

MARC

LEADER 00000nam a22000003a 4500
001 stu89147
005 20150408161221.7
008 040722s2004----xo------------------slo-d
040 |a STU  |b slo 
041 0 |a slo 
044 |a xo 
080 |a 004.42 
080 |a 007+004  |7 stu_us_auth*stu8850 
245 |a ŠVOČ 2004. Sekcia: Informatika. Programové a informačné systémy :  |b Zborník fakultnej prehliadky prác. Bratislava, 28. apr. 2004 
260 |a Bratislava :  |b STU v Bratislave FIIT,  |c 2004 
300 |a preruš.str 
650 7 |a programové systémy  |2 stusub 
650 7 |a informačné systémy  |2 stusub 
996 |b 284EZ00308  |c E*Z-872  |l EE0102  |s P  |a 0  |w stu89147_0001